Normal view
MARC view
Entry Topical Term
001 - CONTROL NUMBER
- control field: 21433
003 - CONTROL NUMBER IDENTIFIER
- control field: dpl
005 - DATE AND TIME OF LATEST TRANSACTION
- control field: 20100924142659.0
008 - FIXED-LENGTH DATA ELEMENTS
- fixed length control field: 100924|||a|||||| | ||| d
040 ## - CATALOGING SOURCE
- Original cataloging agency: dpl
- Transcribing agency: dpl
150 ## - HEADING--TOPICAL TERM
- Topical term or geographic name as entry element: रंगमच नाटक
670 ## - SOURCE DATA FOUND
- Source citation: Work cat.: (dpl)36010: हरिराम आचार्य 21432, ऋतुरागिनीः, 2009
670 ## - SOURCE DATA FOUND
- Source citation: Work cat.: (dpl)36010: हरिराम आचार्य 21432, ऋतुरागिनीः, 2009
